000 00657cam a2200205 4500500
005 20260329001746.0
041 _afre
042 _adc
100 1 0 _aLegros, Martin
_eauthor
245 0 0 _aRamin Jahanbegloo, Élisabeth de Fontenay. Les habits neufs du négationnisme
260 _c2009.
500 _a48
690 _aAntisémitisme
690 _aElisabeth de Fontenay
690 _aNégationnisme
690 _aRamin Jahanbegloo
690 _aShoah
786 0 _nPhilosophie magazine | 28 | 4 | 2009-04-01 | p. 2-4 | 1951-1787
856 4 1 _uhttps://shs.cairn.info/magazine-philosophie-magazine-2009-4-page-2?lang=fr&redirect-ssocas=7080
999 _c1808352
_d1808352